| 000 | 00911nam a2200241 i 4500 | ||
|---|---|---|---|
| 001 | 16024 | ||
| 003 | ES-MaACL | ||
| 005 | 20250827050115.0 | ||
| 007 | t| | ||
| 008 | 000601s1999 sp |||| | spa d | ||
| 020 | _a84-7846-848-X | ||
| 080 | _a910.4(=1.4:460.18)"14/18" | ||
| 080 | _a914.601.8"14/18" | ||
| 245 | 0 | 0 |
_aCastilla y León según la visión de los viajeros extranjeros _b: siglos XV-XIX / _cedición, introducción, selección y notas bio-bibliográficas, Agustín García Simón. |
| 260 |
_a[Valladolid] : _bConsejería de Educación y Cultura, _c1999. |
||
| 300 |
_a382 p. : _bil. ; _c29 cm. |
||
| 650 | 1 | 7 |
_aViajeros europeos- _zCastilla y León _2 _9165325 |
| 651 |
_aCastilla y León- _xDescripción. _97999 |
||
| 700 | 1 |
_aGarcía Simón, A. _955301 |
|
| 710 | 1 |
_aCastilla y León. _bConsejería de Educación y Cultura. _92500 |
|
| 852 |
_aES-MaACL _jL-23196 |
||
| 999 |
_c16024 _d16024 |
||